Public speaking : a handbook for Christians (Record no. 34153)

MARC details
000 -LEADER
fixed length control field 00438nam a2200157Ia 4500
020 ## - INTERNATIONAL STANDARD BOOK NUMBER
ISBN 9780801056758
050 ## - CALL MARK
Classification number PN 4121 .L58/
100 ## - STATEMENT OF RESPONSIBILITY--MAIN AUTHOR NAME
Personal name Litfin, Duane A.
245 #0 - TITLE STATEMENT
Title Public speaking : a handbook for Christians
260 ## - PUBLICATION, DISTRIBUTION, ETC. (IMPRINT)
Year of publication 1992
300 ## - PHYSICAL DESCRIPTION
Number of Pages 364 p
650 ## - SUBJECT ADDED ENTRY--TOPICAL TERM
Topical Term Public speaking. Public speaking--Religious aspects--Christianity.
942 ## - ADDED ENTRY ELEMENTS (KOHA)
Koha item type Books
Holdings
Withdrawn status Lost status Source of classification or shelving scheme Damaged status Not for loan Permanent Location Current Location Date acquired Accession Number Price effective from Koha item type
    Library of Congress Classification     NILE UNIVERSITY OF NIGERIA - MAIN LIBRARY NILE UNIVERSITY OF NIGERIA - MAIN LIBRARY 04/23/2025 0194552 04/23/2025 Books